The Various "Days" - Statistics

General Stats
  • This quiz has been taken 19 times
  • The average score is 6 of 11
Answer Stats
Hint Answer % Correct
A place you can drop off your child so they're watched Daycare
94%
A distress signal pilots announce via radio communications Mayday
94%
Another way to say noon Midday
94%
Natural light during the daytime Daylight
76%
Location where a famous Nascar race takes place Daytona Beach
71%
Word used to describe that something is happened in the present date Today
65%
A city in Ohio, USA, situation in the Miami Valley region Dayton
47%
The period of greatest success or popularity of a thing Heyday
47%
A United States hotel chain with a sun as its logo Days Inn
41%
Singer famous for the songs "Hide Away" and "Don't Let Me Down" Daya
12%
Arab guerrillas composed of fighters sacrificing themselves for a larger campaign Fedayeen
6%
No matching quizzes found
Score Distribution
Percent of People with Each Score
Percentile by Number Answered
Your Score History
You have not taken this quiz